[Event "Thessaloniki Triandria op 2nd"]
[Site "Thessaloniki"]
[Date "2009.04.24"]
[Round "4"]
[White "Barbis, Athanasios"]
[Black "Konstantinidis, Michail N"]
[Result "1/2-1/2"]
[WhiteElo "2056"]
[BlackElo "1972"]
[PlyCount "52"]
[EventDate "2009.04.21"]
[EventType "swiss"]
[EventRounds "7"]
[EventCountry "GRE"]
[SourceTitle "EXT 2024"]
[Source "ChessBase"]
[SourceDate "2023.10.10"]
[SourceVersion "1"]
[SourceVersionDate "2023.10.10"]
[SourceQuality "1"]

1. e4 d5 2. exd5 Nf6 3. d4 Qxd5 4. Nc3 Qa5 5. Bd2 c6 6. Bc4 Bf5 7. Nge2 e6 8. Ng3 Bg6 9. h4 h6 10. Nd5 Qd8 11. Nf4 Bh7 12. Qe2 Bd6 13. 0-0-0 0-0 14. Ngh5 b5 15. Bd3 Bxd3 16. Nxd3 Nxh5 17. Qxh5 Nd7 18. Ne5 Qc7 19. Nxd7 Qxd7 20. Qg4 Kh8 21. Qe4 Be7 22. Kb1 Qd5 23. Qe2 Rfe8 24. g4 Bf8 25. Bf4 g6 26. h5 g5 1/2-1/2